| 000 | 01451cam a22003614a 4500 | ||
|---|---|---|---|
| 001 | 13124096 | ||
| 003 | OSt | ||
| 005 | 20211125111045.0 | ||
| 008 | 030314s2003 nyua b 001 0 eng | ||
| 010 | _a 2003006071 | ||
| 020 | _a1563272954 (pbk. : alk. paper) | ||
| 038 | _aKhadija | ||
| 040 |
_aDLC _cDLC _dDLC |
||
| 042 | _apcc | ||
| 050 | 0 | 0 |
_aHD62.15 _b.M529 2003 |
| 082 | 0 | 0 |
_a658.4036 _221 _bMIC |
| 100 | 1 |
_aMichalski, Walter J. _985095 |
|
| 245 | 1 | 0 |
_aSix Sigma Tool Navigator : _bthe master guide for teams / _cWalter J. Michalski ; edited by Dana G. King. |
| 260 |
_aNew York : _bProductivity Press, _cc2003. |
||
| 300 |
_axxiv, 100, 640 p. : _bill. ; _c23 cm. + _e1 CD-ROM (4 3/4 in.) |
||
| 500 | _aRev. ed. of: Tool navigator. Portland, Or. : Productivity Press, c1997. | ||
| 504 | _aIncludes bibliographical references (p. 623-626) and indexes. | ||
| 563 | _aPaper Back | ||
| 650 | 0 |
_aTotal quality management. _9872 |
|
| 650 | 0 |
_aTeams in the workplace. _912393 |
|
| 650 | 0 |
_aGroup problem solving. _985096 |
|
| 650 | 0 |
_aCreative ability. _97733 |
|
| 700 | 1 |
_aMichalski, Walter J. _tTool navigator. _985097 |
|
| 856 | 4 | 2 |
_3Publisher description _uhttp://www.loc.gov/catdir/enhancements/fy0801/2003006071-d.html |
| 906 |
_a7 _bcbc _corignew _d1 _eecip _f20 _gy-gencatlg |
||
| 942 |
_2ddc _cBK |
||
| 999 |
_c31549 _d31549 |
||